How to Stop Worrying and Start Living (Record no. 91886)
[ view plain ]
| 000 -LEADER | |
|---|---|
| fixed length control field | 00416nam a2200169Ia 4500 |
| 005 - DATE AND TIME OF LATEST TRANSACTION | |
| control field | 20251121142515.0 |
| 008 - FIXED-LENGTH DATA ELEMENTS--GENERAL INFORMATION | |
| fixed length control field | 230125s9999 xx 000 0 und d |
| 041 ## - LANGUAGE CODE | |
| Language code of text/sound track or separate title | eng |
| 082 ## - DEWEY DECIMAL CLASSIFICATION NUMBER | |
| Classification number | 158.1 |
| Item number | CAR |
| 100 ## - MAIN ENTRY--PERSONAL NAME | |
| Author | Carnegie D |
| 245 ## - TITLE STATEMENT | |
| Title | How to Stop Worrying and Start Living |
| 260 ## - PUBLICATION, DISTRIBUTION, ETC. | |
| Date of publication, distribution, etc. | 2004 |
| Name of publisher, distributor, etc. | Mini Book Pub. |
| Place of publication, distribution, etc. | Meerut |
| 300 ## - PHYSICAL DESCRIPTION | |
| Extent | 75p |
| 500 ## - GENERAL NOTE | |
| Keywords | Personality Development |
| 700 ## - ADDED ENTRY--PERSONAL NAME | |
| Personal name | Carnegie D |
| 942 ## - ADDED ENTRY ELEMENTS (KOHA) | |
| Koha item type | Donated Book |
| Withdrawn status | Lost status | Damaged status | Not for loan | Home library | Current library | Date acquired | Vendor | Net Price | Full call number | Barcode | Date last seen | Actual Price | Bill Date | Koha item type | Original Barcode |
|---|---|---|---|---|---|---|---|---|---|---|---|---|---|---|---|
| Smt. Hiraben Nanavati Institute of Management & Research for Women | Smt. Hiraben Nanavati Institute of Management & Research for Women | 14/09/2015 | Donated Book- Outside Donar | 1.00 | 158.1 CAR DB2216 | HIMR-DB-2216 | 25/01/2023 | 1.00 | 25/01/2023 | Donated Book | DB2216 |